01003nam a22003137a 4500003000500000005001700005008004100022010001000063011001000073020001500083035001100098040000900109082002000118110000800138245017700146260002400323300001000347410000800357490006700365650002800432650002700460650002700487650003600514700002200550700001700572700002500589810000800614830006700622CHAP20220817044117.0060620d2004 it rn 00110 eng d a92420 a93392 a9251052409 a103964 cCHAP04a338.16bF32 v.52 aFAO10aVoluntary standards and certification for environmentally and socially responsible agricultural production and tradec/by Pascal Liu, Mikkel Andersen and Catherine Pazderka aRome :bFAO,c2004. a70 p.20aFAO 0aDocumentos de la FAO sobre productos básicos y comerciov; 514aAgricultura orgánica.14aAlimentos orgánicos.14aAlimentosxEtiquetado.14aProductos agrícolasxCalidad.1 aAndersen, Mikkel.1 aLiu, Pascal.1 aPazderka, Catherine.0 aFAO00aDocumentos de la FAO sobre productos básicos y comerciov; 5